[Event "Mittelrhein Verbandsliga-S 18/19"]
[Site "Nordrheinwestfalen"]
[Date "2018.11.18"]
[Round "4.6"]
[White "Rasche, Lothar"]
[Black "Bartl, Dirk"]
[Result "0-1"]
[WhiteElo "1790"]
[BlackElo "1825"]
[PlyCount "86"]
[EventDate "2018.09.02"]
[EventType "team-tourn"]
[EventRounds "11"]
[EventCountry "GER"]
[SourceTitle "EXT 2022"]
[Source "ChessBase"]
[SourceDate "2021.10.06"]
[SourceVersion "1"]
[SourceVersionDate "2021.10.06"]
[SourceQuality "1"]
[WhiteTeam "Hennef"]
[BlackTeam "Troisdorf"]
[WhiteTeamCountry "GER"]
[BlackTeamCountry "GER"]

1. c4 g6 2. Nc3 Bg7 3. g3 e5 4. Bg2 Nf6 5. e4 0-0 6. d3 d6 7. Be3 c6 8. Nge2 Be6 9. Qd2 Ng4 10. h3 Nxe3 11. Qxe3 Nd7 12. h4 Nf6 13. f3 d5 14. cxd5 cxd5 15. exd5 Nxd5 16. Nxd5 Bxd5 17. 0-0 Bc6 18. Rad1 Qa5 19. Nc3 Rad8 20. Rf2 Rd4 21. Rfd2 Rfd8 22. Ne2 R4d6 23. a3 Ba4 24. Rc1 Qa6 25. Rc3 e4 26. d4 exf3 27. Bxf3 Re8 28. Qg5 Bb5 29. Re3 Rxe3 30. Qxe3 Re6 31. Qf2 Bh6 32. Nf4 Bxf4 33. gxf4 Rf6 34. Qe3 Re6 35. Qf2 Qd6 36. Bxb7 Rf6 37. Qh2 Rxf4 38. Bg2 Qf6 39. Rd1 a6 40. d5 Rxh4 41. Qb8+ Kg7 42. d6 Qf4 43. Qb6 Qh2+ 0-1

[Event "Mittelrhein Verbandsliga-S 17/18"]
[Site "Nordrheinwestfalen"]
[Date "2017.12.03"]
[Round "5.6"]
[White "Loeffler, Friedrich"]
[Black "Rasche, Lothar"]
[Result "0-1"]
[WhiteElo "1861"]
[BlackElo "1746"]
[PlyCount "114"]
[EventDate "2017.09.10"]
[EventType "team-tourn"]
[EventRounds "11"]
[EventCountry "GER"]
[SourceTitle "EXT 2022"]
[Source "ChessBase"]
[SourceDate "2021.10.06"]
[SourceVersion "1"]
[SourceVersionDate "2021.10.06"]
[SourceQuality "1"]
[WhiteTeam "Bruehl II"]
[BlackTeam "Hennef"]
[WhiteTeamCountry "GER"]
[BlackTeamCountry "GER"]

1. d4 g6 2. c4 Nf6 3. Nc3 Bg7 4. e4 d6 5. f4 0-0 6. Nf3 Nbd7 7. Bd3 c5 8. d5 h6 9. 0-0 Ne8 10. Qc2 Nb6 11. a4 Bd7 12. a5 Nc8 13. Bd2 Nc7 14. Qb3 Rb8 15. h3 b5 16. axb6 Rxb6 17. Qc2 Na6 18. Nb5 Bxb5 19. cxb5 Nc7 20. Ba5 Rb7 21. Rfb1 Qd7 22. Bxc7 Rxc7 23. Ra6 Nb6 24. b3 Rfc8 25. Bc4 Rb7 26. Rd1 Na8 27. Qa2 Nc7 28. Rxa7 Nxb5 29. Bxb5 Qxb5 30. Rxb7 Qxb7 31. Qa4 Ra8 32. Qc4 Rb8 33. Rd3 Qa7 34. Re3 Rb4 35. Qd3 Qa3 36. Kh2 Qc1 37. Kg3 Qa3 38. e5 Qb2 39. h4 h5 40. Qc3 dxe5 41. Nxe5 Bxe5 42. Qxe5 Qxe5 43. fxe5 Rd4 44. d6 exd6 45. exd6 Rxd6 46. Rc3 Rd5 47. Kf3 Kf8 48. g3 Ke7 49. Ke3 Kd6 50. Rc4 Re5+ 51. Kd3 Re1 52. Rf4 f5 53. Ra4 Kd5 54. Ra6 Re6 55. Ra8 Re4 56. Ra4 Rg4 57. Rxg4 hxg4 0-1

[Event "Mittelrhein Verbandsliga-S 17/18"]
[Site "Nordrheinwestfalen"]
[Date "2017.10.01"]
[Round "2.6"]
[White "Rasche, Lothar"]
[Black "Georgi, Thomas"]
[Result "1-0"]
[WhiteElo "1746"]
[BlackElo "1855"]
[PlyCount "79"]
[EventDate "2017.09.10"]
[EventType "team-tourn"]
[EventRounds "11"]
[EventCountry "GER"]
[SourceTitle "EXT 2022"]
[Source "ChessBase"]
[SourceDate "2021.10.06"]
[SourceVersion "1"]
[SourceVersionDate "2021.10.06"]
[SourceQuality "1"]
[WhiteTeam "Hennef"]
[BlackTeam "Koeln SF III"]
[WhiteTeamCountry "GER"]
[BlackTeamCountry "GER"]

1. c4 Nf6 2. Nc3 e5 3. e4 Be7 4. g3 0-0 5. Bg2 c6 6. Nf3 d6 7. d3 h6 8. h3 Be6 9. 0-0 Nbd7 10. Be3 d5 11. cxd5 cxd5 12. Bd2 d4 13. Ne2 Bd6 14. Nh4 Nc5 15. Qb1 Qd7 16. g4 Qb5 17. Nc1 Rac8 18. f4 Na4 19. f5 Bd7 20. Nb3 Rc7 21. Nf3 Rfc8 22. Ne1 Bb4 23. Rf2 Ne8 24. Bf1 a5 25. Bxb4 Qxb4 26. Qd1 Nc5 27. Nc2 Qb6 28. Nxc5 Rxc5 29. Rb1 Qc7 30. Na3 b5 31. b3 f6 32. Rbb2 Nd6 33. b4 Rc3 34. Nb1 Rc1 35. Qd2 a4 36. h4 Rc3 37. Qd1 a3 38. Rb3 Rc1 39. Qd2 Rc2 40. Qd1 1-0

[Event "Mittelrhein Verbandsliga-O 15/16"]
[Site "Nordrheinwestfalen"]
[Date "2015.12.13"]
[Round "5"]
[White "Rasche, Lothar"]
[Black "Wagner, Rainer"]
[Result "0-1"]
[WhiteElo "1843"]
[BlackElo "1993"]
[PlyCount "98"]
[EventDate "2015.09.06"]
[EventType "team-tourn"]
[EventRounds "11"]
[EventCountry "GER"]
[SourceTitle "EXT 2022"]
[Source "ChessBase"]
[SourceDate "2021.10.06"]
[SourceVersion "1"]
[SourceVersionDate "2021.10.06"]
[SourceQuality "1"]
[WhiteTeam "Hennef"]
[BlackTeam "Bonn Stadtverwaltung"]
[WhiteTeamCountry "GER"]
[BlackTeamCountry "GER"]

1. c4 e5 2. Nc3 Nc6 3. g3 Bb4 4. Bg2 Nf6 5. e4 d6 6. h3 0-0 7. Nge2 Be6 8. Nd5 Bc5 9. 0-0 Nd4 10. d3 c6 11. Ne3 Ne8 12. Kh2 Nc7 13. Nxd4 Bxd4 14. Nf5 Bxf5 15. exf5 Rb8 16. Qg4 f6 17. Rb1 a5 18. Qd1 Na6 19. a3 Qd7 20. g4 Kh8 21. Qa4 Nc5 22. Qd1 a4 23. h4 Nb3 24. Be3 Ra8 25. Bh3 d5 26. Qf3 Bxe3 27. Qxe3 dxc4 28. dxc4 Rfd8 29. g5 Qd4 30. Rfd1 Qxh4 31. gxf6 gxf6 32. Rg1 Rd4 33. Rg3 Nd2 34. Rbg1 Qf4 35. Kh1 Nxc4 36. Qe2 Rd2 37. Qg4 Qxg4 38. Rxg4 Nb6 39. Rg7 Rd7 40. R7g4 Nd5 41. Bf1 b5 42. R1g3 Rad8 43. Rh4 Rg8 44. Rd3 Rdg7 45. Bh3 Nf4 46. Rxf4 exf4 47. Rd6 Rg5 48. Rxc6 Rh5 49. Kh2 f3 0-1

[Event "Mittelrhein Verbandsliga-O 15/16"]
[Site "Nordrheinwestfalen"]
[Date "2015.09.27"]
[Round "2"]
[White "Rasche, Lothar"]
[Black "Hoefner, Christoph"]
[Result "0-1"]
[WhiteElo "1843"]
[BlackElo "1845"]
[PlyCount "66"]
[EventDate "2015.09.06"]
[EventType "team-tourn"]
[EventRounds "11"]
[EventCountry "GER"]
[SourceTitle "EXT 2022"]
[Source "ChessBase"]
[SourceDate "2021.10.06"]
[SourceVersion "1"]
[SourceVersionDate "2021.10.06"]
[SourceQuality "1"]
[WhiteTeam "Hennef"]
[BlackTeam "Bruehl III"]
[WhiteTeamCountry "GER"]
[BlackTeamCountry "GER"]

1. Nf3 d5 2. g3 Nf6 3. Bg2 c6 4. d3 Bf5 5. Nbd2 Nbd7 6. 0-0 e6 7. h3 Be7 8. Nh4 Bg6 9. b3 Nh5 10. Nxg6 hxg6 11. Nf3 Qc7 12. Qe1 0-0-0 13. c4 Ne5 14. Nh2 g5 15. cxd5 exd5 16. d4 Ng6 17. e3 f5 18. g4 Bd6 19. f4 Nf6 20. gxf5 Nh4 21. Nf3 Nxg2 22. Kxg2 gxf4 23. Ng5 Rde8 24. Ne6 Qf7 25. exf4 Ne4 26. Qd1 Qxf5 27. Qg4 Qxg4+ 28. hxg4 Rxe6 29. g5 g6 30. a4 Re7 31. Ba3 Reh7 32. Bxd6 Nxd6 33. Rae1 Rh2+ 0-1

[Event "Mittelrhein Verbandsliga-O 15/16"]
[Site "Nordrheinwestfalen"]
[Date "2015.09.06"]
[Round "1"]
[White "Rasche, Lothar"]
[Black "Hild, Detlef"]
[Result "1/2-1/2"]
[WhiteElo "1843"]
[BlackElo "1865"]
[PlyCount "66"]
[EventDate "2015.09.06"]
[EventType "team-tourn"]
[EventRounds "11"]
[EventCountry "GER"]
[SourceTitle "EXT 2022"]
[Source "ChessBase"]
[SourceDate "2021.10.06"]
[SourceVersion "1"]
[SourceVersionDate "2021.10.06"]
[SourceQuality "1"]
[WhiteTeam "Hennef"]
[BlackTeam "Siegburg"]
[WhiteTeamCountry "GER"]
[BlackTeamCountry "GER"]

1. e4 e6 2. d4 d5 3. e5 c5 4. c3 Nc6 5. Nf3 Qb6 6. Bd3 Bd7 7. Bc2 cxd4 8. cxd4 Nb4 9. 0-0 Nxc2 10. Qxc2 Rc8 11. Nc3 Bb4 12. a3 Bxc3 13. bxc3 Ne7 14. Be3 h6 15. Qd2 Bb5 16. Rfb1 Qa6 17. Qb2 Bc6 18. Ne1 b6 19. Qd2 Bb5 20. g4 Bc4 21. f4 Be2 22. h3 h5 23. g5 Nf5 24. Bf2 Bf1 25. Ng2 Qd3 26. Qxd3 Bxd3 27. Rc1 Kd7 28. Ne3 Ne7 29. Ra2 Nc6 30. Rd2 Be4 31. Nd1 Na5 32. Rb2 Rc4 33. Rb4 Rhc8 1/2-1/2

[Event "Hennef op 20th"]
[Site "Hennef"]
[Date "2006.11.29"]
[Round "4"]
[White "Rasche, Lothar"]
[Black "Muehlenhaus, Sven"]
[Result "0-1"]
[WhiteElo "1858"]
[BlackElo "2155"]
[PlyCount "103"]
[EventDate "2006.11.08"]
[EventType "swiss"]
[EventRounds "7"]
[EventCountry "GER"]
[SourceTitle "EXT 2009"]
[Source "ChessBase"]
[SourceDate "2008.11.26"]
[SourceVersion "1"]
[SourceVersionDate "2008.11.26"]
[SourceQuality "1"]
[BlackTeam "Germany"]
[BlackTeamCountry "GER"]

1. e4 c6 2. d4 d5 3. Nc3 dxe4 4. Nxe4 Nd7 5. Bc4 Ngf6 6. Nc3 Nb6 7. Bb3 Bg4 8. f3 Bf5 9. Nge2 e6 10. 0-0 Bd6 11. Bf4 Bxf4 12. Nxf4 Qd6 13. Nce2 0-0-0 14. c3 Nbd5 15. Nxd5 Nxd5 16. Qd2 Kb8 17. Rad1 Rhe8 18. Rfe1 Qc7 19. c4 Nb6 20. Ng3 Bg6 21. Ne4 Bxe4 22. fxe4 c5 23. d5 e5 24. a3 Nc8 25. Rc1 Nd6 26. Bd1 Re7 27. Kh1 g6 28. b4 f5 29. Bf3 f4 30. Qc3 h5 31. Rb1 Ka8 32. Rb2 b6 33. Reb1 cxb4 34. Rxb4 Qc5 35. Qc2 Rc8 36. Be2 Qd4 37. Bd3 g5 38. Qe2 g4 39. Rc1 Rf7 40. c5 Rxc5 41. Rxc5 Qxc5 42. Rb1 Rc7 43. Rf1 Qxa3 44. h3 Rc1 45. hxg4 Rxf1+ 46. Qxf1 hxg4 47. Qe2 Qc1+ 48. Kh2 g3+ 49. Kh3 Qc8+ 50. Kh4 Qh8+ 51. Qh5 Qxh5+ 52. Kxh5 0-1